Zur römischen Verfassung: Ausgewählte Schriften

Salvato in:
Dettagli Bibliografici
Autore principale: Behrends, Okko (Autore)
Natura: Libro
Lingua:tedesco
Pubblicazione: Berlín Wallstein 2013
Edizione:1a. ed
Soggetti:
Tags: Aggiungi Tag
Nessun Tag, puoi essere il primo ad aggiungerne!!

MARC

LEADER 00000cam a2200000 a 4500
001 UCC2342
003 CL-VaPUC
008 180119e20130000gw |||||||||||||||||ger|d
020 |a 9783835314160 
082 0 4 |a 340.54  |b BEH  |2 21 
100 0 |a Behrends, Okko  |e author  |9 596463 
245 1 0 |a Zur römischen Verfassung: Ausgewählte Schriften 
250 |a 1a. ed 
300 |a 607 p 
942 |c BK 
945 |d 20180119 15:30:00  |a dcastane 
260 |a Berlín  |b Wallstein  |c 2013 
650 0 |a Derecho romano  |9 255930 
650 0 |a Fuentes del derecho   |9 255162 
583 |a last modification  |c 20180119 15:30:00  |k Rodrigo Vera 
999 |c 370532  |d 370530 
952 |0 0  |1 0  |3 erd  |4 0  |6 340_540000000000000_BEH_2013  |7 0  |8 DER_ROM  |9 487060  |a BIBDER  |b BIBDER  |i 5451337  |l 1  |o 340.54 BEH 2013  |p 5451337  |r 2023-01-25  |s 2020-03-17  |w 2019-11-24  |x Ubicación 4to piso  |y BK  |z Este recurso debe solicitarse con anticipación  |k DER